Primary education (Record no. 416343)

000 -LEADER
fixed length control field 00373cam a22001097a 4500
008 - FIXED-LENGTH DATA ELEMENTS--GENERAL INFORMATION
fixed length control field 180718b1959 xxu||||| |||| 00| 0 eng d
082 ## - DEWEY DECIMAL CLASSIFICATION NUMBER
Classification number P422x42 Lin3p
245 ## - TITLE STATEMENT
Title Primary education
Statement of responsibility, etc. by Her Majesty's Stationery Office, United Kingtom
260 ## - PUBLICATION, DISTRIBUTION, ETC.
Place of publication, distribution, etc. London
Name of publisher, distributor, etc. Her Majesty's Stationery Office
Date of publication, distribution, etc. 1959
300 ## - PHYSICAL DESCRIPTION
Extent 334p.
700 ## - ADDED ENTRY--PERSONAL NAME
Personal name United Kingtom. Her Majesty's Stationery Office
Holdings
Withdrawn status Lost status Damaged status Not for loan Permanent Location Current Location Date acquired Full call number Barcode Date last seen Price effective from Koha item type
        Indian Institute of Public Administration Indian Institute of Public Administration 2009-03-16 P422x42 Lin3p 23358 2018-07-21 2018-07-21 Book

Powered by Koha